Oriental silverwork : Malay and Chinese

Bibliographic Details
Main Author: Roth, Ling H
Format: Book
Published: Oxford : University Press , 1993
Subjects:

MARC

LEADER 00000cam a2200000 7i4500
001 0000002485
002 000002708
005 20000330.0
020 |a 0195886054 
090 0 0 |a 739.23   |b ROT 
100 1 |a Roth, Ling H 
245 1 0 |a Oriental silverwork :   |b Malay and Chinese   |c H.Ling Roth 
260 |a Oxford :   |b University Press ,   |c 1993 
300 |a 300p. :   |b ill. ;   |c 25cm. 
650 0 0 |a Silverwork,Oriental 
999 |a 00069476   |b BUKU   |c PINJAMAN   |e PERPUSTAKAAN KOMUNITI PETALING JAYA 
999 |a 036181   |b BUKU   |c RUJUKAN   |e PERPUSTAKAAN KOMUNITI PETALING JAYA